<?xml version="1.0" encoding="UTF-8"?>
<record
    xmlns:xsi="http://www.w3.org/2001/XMLSchema-instance"
    xsi:schemaLocation="http://www.loc.gov/MARC21/slim http://www.loc.gov/standards/marcxml/schema/MARC21slim.xsd"
    xmlns="http://www.loc.gov/MARC21/slim">

  <leader>01870nas a2200337 i 4500</leader>
  <controlfield tag="001">48788</controlfield>
  <controlfield tag="003">DR-UNIBE</controlfield>
  <controlfield tag="005">20260511090447.0</controlfield>
  <controlfield tag="007">ta</controlfield>
  <controlfield tag="008">210524b2011    dr ||||| |||| 00| 0 spa d</controlfield>
  <datafield tag="020" ind1=" " ind2=" ">
    <subfield code="q">2636-2414</subfield>
  </datafield>
  <datafield tag="040" ind1=" " ind2=" ">
    <subfield code="a">BIBLIOTECA UNIBE</subfield>
    <subfield code="c">BIBLIOTECA  UNIBE</subfield>
    <subfield code="b">spa</subfield>
    <subfield code="d">DO-SdBNP</subfield>
    <subfield code="e">rda</subfield>
  </datafield>
  <datafield tag="041" ind1=" " ind2=" ">
    <subfield code="a">spa</subfield>
  </datafield>
  <datafield tag="110" ind1=" " ind2=" ">
    <subfield code="a">Rep&#xFA;blica Dominicana.</subfield>
    <subfield code="b">Instituto Nacional de Coordinaci&#xF3;n de Trasplantes (INCORT)</subfield>
    <subfield code="9">89504</subfield>
  </datafield>
  <datafield tag="245" ind1=" " ind2=" ">
    <subfield code="a">Donaci&#xF3;n y trasplante /</subfield>
    <subfield code="c">Instituto Nacional de Coordinaci&#xF3;n de Trasplantes (INCORT).</subfield>
  </datafield>
  <datafield tag="264" ind1=" " ind2=" ">
    <subfield code="a">Santo Domingo, Rep&#xFA;blica Dominicana :</subfield>
    <subfield code="b">Instituto Nacional de Coordinaci&#xF3;n de Trasplantes (INCORT), </subfield>
    <subfield code="c">2013.</subfield>
  </datafield>
  <datafield tag="300" ind1=" " ind2=" ">
    <subfield code="a">volumen :</subfield>
    <subfield code="b">ilustraciones, fotograf&#xED;as, gr&#xE1;ficas ;</subfield>
    <subfield code="c">28 x 21 cm</subfield>
  </datafield>
  <datafield tag="310" ind1=" " ind2=" ">
    <subfield code="a">Desconocida.</subfield>
  </datafield>
  <datafield tag="336" ind1=" " ind2=" ">
    <subfield code="a">texto</subfield>
    <subfield code="b">txt</subfield>
    <subfield code="2">rdacontent</subfield>
  </datafield>
  <datafield tag="337" ind1=" " ind2=" ">
    <subfield code="a">sin mediaci&#xF3;n </subfield>
    <subfield code="b">n</subfield>
    <subfield code="2">rdamedia</subfield>
  </datafield>
  <datafield tag="338" ind1=" " ind2=" ">
    <subfield code="a">volumen </subfield>
    <subfield code="b">nc</subfield>
    <subfield code="2">rdacarrier</subfield>
  </datafield>
  <datafield tag="362" ind1=" " ind2=" ">
    <subfield code="a">Volumen 3. (septiembre 2013).</subfield>
  </datafield>
  <datafield tag="500" ind1=" " ind2=" ">
    <subfield code="a">Catalogaci&#xF3;n basada en el: Volumen 3. (septiembre 2013).</subfield>
  </datafield>
  <datafield tag="500" ind1=" " ind2=" ">
    <subfield code="a">El Instituto Nacional de Coordinaci&#xF3;n de Transplante (INCOTR) es la instituci&#xF3;n p&#xFA;blica encargada de la regulaci&#xF3;n, coordinaci&#xF3;n y supervisi&#xF3;n del Sistema Nacional de Donaci&#xF3;n y Trasplante de &#xD3;rganos y Tejidos en la Rep&#xFA;blica Dominicana. Su misi&#xF3;n principal es garantizar la disponibilidad de &#xF3;rganos y tejidos para trasplante, promoviendo la donaci&#xF3;n altruista y asegurando la equidad y transparencia en la asignaci&#xF3;n a los pacientes que lo necesitan.</subfield>
  </datafield>
  <datafield tag="650" ind1=" " ind2="7">
    <subfield code="a">Donaci&#xF3;n de &#xF3;rganos, tejidos, etc.</subfield>
    <subfield code="9">5680</subfield>
    <subfield code="v">Publicaciones peri&#xF3;dicas</subfield>
    <subfield code="z">Rep&#xFA;blica Dominicana</subfield>
  </datafield>
  <datafield tag="650" ind1=" " ind2="7">
    <subfield code="a">Trasplantes de &#xF3;rganos, tejidos, etc</subfield>
    <subfield code="9">189197</subfield>
    <subfield code="v">Rep&#xFA;blica Dominicana</subfield>
  </datafield>
  <datafield tag="650" ind1=" " ind2="7">
    <subfield code="a">Medicina</subfield>
    <subfield code="2">Rep&#xFA;blica Dominicana</subfield>
    <subfield code="9">189198</subfield>
  </datafield>
  <datafield tag="650" ind1=" " ind2="7">
    <subfield code="a">Ciencias m&#xE9;dicas</subfield>
    <subfield code="2">Rep&#xFA;blica Dominicana</subfield>
    <subfield code="9">24558</subfield>
  </datafield>
  <datafield tag="655" ind1=" " ind2=" ">
    <subfield code="a">Publicaciones peri&#xF3;dicas</subfield>
    <subfield code="9">28658</subfield>
  </datafield>
  <datafield tag="942" ind1=" " ind2=" ">
    <subfield code="2">ddc</subfield>
    <subfield code="c">ISSUE</subfield>
  </datafield>
  <datafield tag="952" ind1=" " ind2=" ">
    <subfield code="0">0</subfield>
    <subfield code="1">0</subfield>
    <subfield code="2">ddc</subfield>
    <subfield code="4">0</subfield>
    <subfield code="5">6</subfield>
    <subfield code="7">0</subfield>
    <subfield code="8">SE</subfield>
    <subfield code="a">BNPHU</subfield>
    <subfield code="b">BNPHU</subfield>
    <subfield code="d">2026-05-08</subfield>
    <subfield code="h">Volumen 3. (septiembre 2013)</subfield>
    <subfield code="l">0</subfield>
    <subfield code="p">2026-3633</subfield>
    <subfield code="r">2026-05-08</subfield>
    <subfield code="t">e.1</subfield>
    <subfield code="w">2026-05-08</subfield>
    <subfield code="y">ISSUE</subfield>
    <subfield code="z">Disponible en Sala de Hemeroteca.</subfield>
  </datafield>
  <datafield tag="952" ind1=" " ind2=" ">
    <subfield code="0">0</subfield>
    <subfield code="1">0</subfield>
    <subfield code="2">ddc</subfield>
    <subfield code="4">0</subfield>
    <subfield code="5">6</subfield>
    <subfield code="7">0</subfield>
    <subfield code="8">SE</subfield>
    <subfield code="a">BNPHU</subfield>
    <subfield code="b">BNPHU</subfield>
    <subfield code="d">2026-05-08</subfield>
    <subfield code="h">Volumen 3. (septiembre 2013)</subfield>
    <subfield code="l">0</subfield>
    <subfield code="p">2026-3646</subfield>
    <subfield code="r">2026-05-08</subfield>
    <subfield code="t">e.2</subfield>
    <subfield code="w">2026-05-08</subfield>
    <subfield code="y">ISSUE</subfield>
    <subfield code="z">Disponible en Sala de Hemeroteca.</subfield>
  </datafield>
  <datafield tag="952" ind1=" " ind2=" ">
    <subfield code="0">0</subfield>
    <subfield code="1">0</subfield>
    <subfield code="2">ddc</subfield>
    <subfield code="4">0</subfield>
    <subfield code="5">6</subfield>
    <subfield code="7">0</subfield>
    <subfield code="8">SE</subfield>
    <subfield code="a">BNPHU</subfield>
    <subfield code="b">BNPHU</subfield>
    <subfield code="d">2026-05-08</subfield>
    <subfield code="h">Volumen 3. (septiembre 2013)</subfield>
    <subfield code="l">0</subfield>
    <subfield code="p">2026-3647</subfield>
    <subfield code="r">2026-05-08</subfield>
    <subfield code="t">e.3</subfield>
    <subfield code="w">2026-05-08</subfield>
    <subfield code="y">ISSUE</subfield>
    <subfield code="z">Disponible en Sala de Hemeroteca.</subfield>
  </datafield>
  <datafield tag="952" ind1=" " ind2=" ">
    <subfield code="0">0</subfield>
    <subfield code="1">0</subfield>
    <subfield code="2">ddc</subfield>
    <subfield code="4">0</subfield>
    <subfield code="5">6</subfield>
    <subfield code="7">0</subfield>
    <subfield code="8">SE</subfield>
    <subfield code="a">BNPHU</subfield>
    <subfield code="b">BNPHU</subfield>
    <subfield code="d">2026-05-08</subfield>
    <subfield code="h">Volumen 3. (septiembre 2013)</subfield>
    <subfield code="l">0</subfield>
    <subfield code="p">2026-3648</subfield>
    <subfield code="r">2026-05-08</subfield>
    <subfield code="t">e.4</subfield>
    <subfield code="w">2026-05-08</subfield>
    <subfield code="y">ISSUE</subfield>
    <subfield code="z">Disponible en Sala de Hemeroteca.</subfield>
  </datafield>
  <datafield tag="952" ind1=" " ind2=" ">
    <subfield code="0">0</subfield>
    <subfield code="1">0</subfield>
    <subfield code="2">ddc</subfield>
    <subfield code="4">0</subfield>
    <subfield code="5">6</subfield>
    <subfield code="7">0</subfield>
    <subfield code="8">SE</subfield>
    <subfield code="a">BNPHU</subfield>
    <subfield code="b">BNPHU</subfield>
    <subfield code="d">2026-05-08</subfield>
    <subfield code="h">Volumen 3. (septiembre 2013)</subfield>
    <subfield code="l">0</subfield>
    <subfield code="p">2026-3649</subfield>
    <subfield code="r">2026-05-08</subfield>
    <subfield code="t">e.5</subfield>
    <subfield code="w">2026-05-08</subfield>
    <subfield code="y">ISSUE</subfield>
    <subfield code="z">Disponible en Sala de Hemeroteca.</subfield>
  </datafield>
  <datafield tag="952" ind1=" " ind2=" ">
    <subfield code="0">0</subfield>
    <subfield code="1">0</subfield>
    <subfield code="2">ddc</subfield>
    <subfield code="4">0</subfield>
    <subfield code="5">6</subfield>
    <subfield code="7">0</subfield>
    <subfield code="8">SE</subfield>
    <subfield code="a">BNPHU</subfield>
    <subfield code="b">BNPHU</subfield>
    <subfield code="d">2026-05-08</subfield>
    <subfield code="h">Volumen 4. (noviembre 2014)</subfield>
    <subfield code="l">0</subfield>
    <subfield code="p">2026-3650</subfield>
    <subfield code="r">2026-05-08</subfield>
    <subfield code="t">e.1</subfield>
    <subfield code="w">2026-05-08</subfield>
    <subfield code="y">ISSUE</subfield>
    <subfield code="z">Disponible en Sala de Hemeroteca.</subfield>
  </datafield>
  <datafield tag="952" ind1=" " ind2=" ">
    <subfield code="0">0</subfield>
    <subfield code="1">0</subfield>
    <subfield code="2">ddc</subfield>
    <subfield code="4">0</subfield>
    <subfield code="5">6</subfield>
    <subfield code="7">0</subfield>
    <subfield code="8">SE</subfield>
    <subfield code="a">BNPHU</subfield>
    <subfield code="b">BNPHU</subfield>
    <subfield code="d">2026-05-08</subfield>
    <subfield code="h">Volumen 4. (noviembre 2014)</subfield>
    <subfield code="l">0</subfield>
    <subfield code="p">2026-3651</subfield>
    <subfield code="r">2026-05-08</subfield>
    <subfield code="t">e.2</subfield>
    <subfield code="w">2026-05-08</subfield>
    <subfield code="y">ISSUE</subfield>
    <subfield code="z">Disponible en Sala de Hemeroteca.</subfield>
  </datafield>
  <datafield tag="952" ind1=" " ind2=" ">
    <subfield code="0">0</subfield>
    <subfield code="1">0</subfield>
    <subfield code="2">ddc</subfield>
    <subfield code="4">0</subfield>
    <subfield code="5">6</subfield>
    <subfield code="7">0</subfield>
    <subfield code="8">SE</subfield>
    <subfield code="a">BNPHU</subfield>
    <subfield code="b">BNPHU</subfield>
    <subfield code="d">2026-05-08</subfield>
    <subfield code="h">Volumen 4. (noviembre 2014)</subfield>
    <subfield code="l">0</subfield>
    <subfield code="p">2026-3652</subfield>
    <subfield code="r">2026-05-08</subfield>
    <subfield code="t">e.3</subfield>
    <subfield code="w">2026-05-08</subfield>
    <subfield code="y">ISSUE</subfield>
    <subfield code="z">Disponible en Sala de Hemeroteca.</subfield>
  </datafield>
  <datafield tag="952" ind1=" " ind2=" ">
    <subfield code="0">0</subfield>
    <subfield code="1">0</subfield>
    <subfield code="2">ddc</subfield>
    <subfield code="4">0</subfield>
    <subfield code="5">6</subfield>
    <subfield code="7">0</subfield>
    <subfield code="8">SE</subfield>
    <subfield code="a">BNPHU</subfield>
    <subfield code="b">BNPHU</subfield>
    <subfield code="d">2026-05-08</subfield>
    <subfield code="h">Volumen 4. (noviembre 2014)</subfield>
    <subfield code="l">0</subfield>
    <subfield code="p">2026-3653</subfield>
    <subfield code="r">2026-05-08</subfield>
    <subfield code="t">e.4</subfield>
    <subfield code="w">2026-05-08</subfield>
    <subfield code="y">ISSUE</subfield>
    <subfield code="z">Disponible en Sala de Hemeroteca.</subfield>
  </datafield>
  <datafield tag="952" ind1=" " ind2=" ">
    <subfield code="0">0</subfield>
    <subfield code="1">0</subfield>
    <subfield code="2">ddc</subfield>
    <subfield code="4">0</subfield>
    <subfield code="5">6</subfield>
    <subfield code="7">0</subfield>
    <subfield code="8">SE</subfield>
    <subfield code="a">BNPHU</subfield>
    <subfield code="b">BNPHU</subfield>
    <subfield code="d">2026-05-08</subfield>
    <subfield code="h">Volumen 8. (A&#xF1;o 2018)</subfield>
    <subfield code="l">0</subfield>
    <subfield code="p">2026-3654</subfield>
    <subfield code="r">2026-05-08</subfield>
    <subfield code="t">e.1</subfield>
    <subfield code="w">2026-05-08</subfield>
    <subfield code="y">ISSUE</subfield>
    <subfield code="z">Disponible en Sala de Hemeroteca.</subfield>
  </datafield>
  <datafield tag="952" ind1=" " ind2=" ">
    <subfield code="0">0</subfield>
    <subfield code="1">0</subfield>
    <subfield code="2">ddc</subfield>
    <subfield code="4">0</subfield>
    <subfield code="5">6</subfield>
    <subfield code="7">0</subfield>
    <subfield code="8">SE</subfield>
    <subfield code="a">BNPHU</subfield>
    <subfield code="b">BNPHU</subfield>
    <subfield code="d">2026-05-08</subfield>
    <subfield code="h">Volumen 8. (A&#xF1;o 2018)</subfield>
    <subfield code="l">0</subfield>
    <subfield code="p">2026-3655</subfield>
    <subfield code="r">2026-05-08</subfield>
    <subfield code="t">e.2</subfield>
    <subfield code="w">2026-05-08</subfield>
    <subfield code="y">ISSUE</subfield>
    <subfield code="z">Disponible en Sala de Hemeroteca.</subfield>
  </datafield>
  <datafield tag="952" ind1=" " ind2=" ">
    <subfield code="0">0</subfield>
    <subfield code="1">0</subfield>
    <subfield code="2">ddc</subfield>
    <subfield code="4">0</subfield>
    <subfield code="5">6</subfield>
    <subfield code="7">0</subfield>
    <subfield code="8">SE</subfield>
    <subfield code="a">BNPHU</subfield>
    <subfield code="b">BNPHU</subfield>
    <subfield code="d">2026-05-08</subfield>
    <subfield code="h">Volumen 8. (A&#xF1;o 2018)</subfield>
    <subfield code="l">0</subfield>
    <subfield code="p">2026-3656</subfield>
    <subfield code="r">2026-05-08</subfield>
    <subfield code="t">e.3</subfield>
    <subfield code="w">2026-05-08</subfield>
    <subfield code="y">ISSUE</subfield>
    <subfield code="z">Disponible en Sala de Hemeroteca.</subfield>
  </datafield>
  <datafield tag="952" ind1=" " ind2=" ">
    <subfield code="0">0</subfield>
    <subfield code="1">0</subfield>
    <subfield code="2">ddc</subfield>
    <subfield code="4">0</subfield>
    <subfield code="5">6</subfield>
    <subfield code="7">0</subfield>
    <subfield code="8">SE</subfield>
    <subfield code="a">BNPHU</subfield>
    <subfield code="b">BNPHU</subfield>
    <subfield code="d">2026-05-08</subfield>
    <subfield code="h">Volumen 9. (A&#xF1;o 2019)</subfield>
    <subfield code="l">0</subfield>
    <subfield code="p">2026-3657</subfield>
    <subfield code="r">2026-05-08</subfield>
    <subfield code="t">e.1</subfield>
    <subfield code="w">2026-05-08</subfield>
    <subfield code="y">ISSUE</subfield>
    <subfield code="z">Disponible en Sala de Hemeroteca.</subfield>
  </datafield>
  <datafield tag="952" ind1=" " ind2=" ">
    <subfield code="0">0</subfield>
    <subfield code="1">0</subfield>
    <subfield code="2">ddc</subfield>
    <subfield code="4">0</subfield>
    <subfield code="5">6</subfield>
    <subfield code="7">0</subfield>
    <subfield code="8">SE</subfield>
    <subfield code="a">BNPHU</subfield>
    <subfield code="b">BNPHU</subfield>
    <subfield code="d">2026-05-08</subfield>
    <subfield code="h">Volumen 9. (A&#xF1;o 2019)</subfield>
    <subfield code="l">0</subfield>
    <subfield code="p">2026-3658</subfield>
    <subfield code="r">2026-05-08</subfield>
    <subfield code="t">e.2</subfield>
    <subfield code="w">2026-05-08</subfield>
    <subfield code="y">ISSUE</subfield>
    <subfield code="z">Disponible en Sala de Hemeroteca.</subfield>
  </datafield>
  <datafield tag="952" ind1=" " ind2=" ">
    <subfield code="0">0</subfield>
    <subfield code="1">0</subfield>
    <subfield code="2">ddc</subfield>
    <subfield code="4">0</subfield>
    <subfield code="5">6</subfield>
    <subfield code="7">0</subfield>
    <subfield code="8">SE</subfield>
    <subfield code="a">BNPHU</subfield>
    <subfield code="b">BNPHU</subfield>
    <subfield code="d">2026-05-08</subfield>
    <subfield code="h">Volumen 9. (A&#xF1;o 2019)</subfield>
    <subfield code="l">0</subfield>
    <subfield code="p">2026-3659</subfield>
    <subfield code="r">2026-05-08</subfield>
    <subfield code="t">e.3</subfield>
    <subfield code="w">2026-05-08</subfield>
    <subfield code="y">ISSUE</subfield>
    <subfield code="z">Disponible en Sala de Hemeroteca.</subfield>
  </datafield>
  <datafield tag="952" ind1=" " ind2=" ">
    <subfield code="0">0</subfield>
    <subfield code="1">0</subfield>
    <subfield code="2">ddc</subfield>
    <subfield code="4">0</subfield>
    <subfield code="5">6</subfield>
    <subfield code="7">0</subfield>
    <subfield code="8">SE</subfield>
    <subfield code="a">BNPHU</subfield>
    <subfield code="b">BNPHU</subfield>
    <subfield code="d">2026-05-08</subfield>
    <subfield code="h">Volumen 9. (A&#xF1;o 2019)</subfield>
    <subfield code="l">0</subfield>
    <subfield code="p">2026-3660</subfield>
    <subfield code="r">2026-05-08</subfield>
    <subfield code="t">e.4</subfield>
    <subfield code="w">2026-05-08</subfield>
    <subfield code="y">ISSUE</subfield>
    <subfield code="z">Disponible en Sala de Hemeroteca.</subfield>
  </datafield>
  <datafield tag="952" ind1=" " ind2=" ">
    <subfield code="0">0</subfield>
    <subfield code="1">0</subfield>
    <subfield code="2">ddc</subfield>
    <subfield code="4">0</subfield>
    <subfield code="5">6</subfield>
    <subfield code="7">0</subfield>
    <subfield code="8">SE</subfield>
    <subfield code="a">BNPHU</subfield>
    <subfield code="b">BNPHU</subfield>
    <subfield code="d">2026-05-08</subfield>
    <subfield code="h">Volumen 9. (A&#xF1;o 2019)</subfield>
    <subfield code="l">0</subfield>
    <subfield code="p">2026-3661</subfield>
    <subfield code="r">2026-05-08</subfield>
    <subfield code="t">e.5</subfield>
    <subfield code="w">2026-05-08</subfield>
    <subfield code="y">ISSUE</subfield>
    <subfield code="z">Disponible en Sala de Hemeroteca.</subfield>
  </datafield>
  <datafield tag="952" ind1=" " ind2=" ">
    <subfield code="0">0</subfield>
    <subfield code="1">0</subfield>
    <subfield code="2">ddc</subfield>
    <subfield code="4">0</subfield>
    <subfield code="5">6</subfield>
    <subfield code="7">0</subfield>
    <subfield code="8">SE</subfield>
    <subfield code="a">BNPHU</subfield>
    <subfield code="b">BNPHU</subfield>
    <subfield code="d">2026-05-08</subfield>
    <subfield code="h">Volumen 10. (A&#xF1;o 2020)</subfield>
    <subfield code="l">0</subfield>
    <subfield code="p">2026-3662</subfield>
    <subfield code="r">2026-05-08</subfield>
    <subfield code="t">e.1</subfield>
    <subfield code="w">2026-05-08</subfield>
    <subfield code="y">ISSUE</subfield>
    <subfield code="z">Disponible en Sala de Hemeroteca.</subfield>
  </datafield>
  <datafield tag="952" ind1=" " ind2=" ">
    <subfield code="0">0</subfield>
    <subfield code="1">0</subfield>
    <subfield code="2">ddc</subfield>
    <subfield code="4">0</subfield>
    <subfield code="5">6</subfield>
    <subfield code="7">0</subfield>
    <subfield code="8">SE</subfield>
    <subfield code="a">BNPHU</subfield>
    <subfield code="b">BNPHU</subfield>
    <subfield code="d">2026-05-08</subfield>
    <subfield code="h">Volumen 10. (A&#xF1;o 2020)</subfield>
    <subfield code="l">0</subfield>
    <subfield code="p">2026-3663</subfield>
    <subfield code="r">2026-05-08</subfield>
    <subfield code="t">e.2</subfield>
    <subfield code="w">2026-05-08</subfield>
    <subfield code="y">ISSUE</subfield>
    <subfield code="z">Disponible en Sala de Hemeroteca.</subfield>
  </datafield>
  <datafield tag="952" ind1=" " ind2=" ">
    <subfield code="0">0</subfield>
    <subfield code="1">0</subfield>
    <subfield code="2">ddc</subfield>
    <subfield code="4">0</subfield>
    <subfield code="5">6</subfield>
    <subfield code="7">0</subfield>
    <subfield code="8">SE</subfield>
    <subfield code="a">BNPHU</subfield>
    <subfield code="b">BNPHU</subfield>
    <subfield code="d">2026-05-08</subfield>
    <subfield code="h">Volumen 10. (A&#xF1;o 2020)</subfield>
    <subfield code="l">0</subfield>
    <subfield code="p">2026-3664</subfield>
    <subfield code="r">2026-05-08</subfield>
    <subfield code="t">e.3</subfield>
    <subfield code="w">2026-05-08</subfield>
    <subfield code="y">ISSUE</subfield>
    <subfield code="z">Disponible en Sala de Hemeroteca.</subfield>
  </datafield>
  <datafield tag="952" ind1=" " ind2=" ">
    <subfield code="0">0</subfield>
    <subfield code="1">0</subfield>
    <subfield code="2">ddc</subfield>
    <subfield code="4">0</subfield>
    <subfield code="5">6</subfield>
    <subfield code="7">0</subfield>
    <subfield code="8">SE</subfield>
    <subfield code="a">BNPHU</subfield>
    <subfield code="b">BNPHU</subfield>
    <subfield code="d">2026-05-08</subfield>
    <subfield code="h">Volumen 12. (A&#xF1;o 2023)</subfield>
    <subfield code="l">0</subfield>
    <subfield code="p">2026-3665</subfield>
    <subfield code="r">2026-05-08</subfield>
    <subfield code="t">e.1</subfield>
    <subfield code="w">2026-05-08</subfield>
    <subfield code="y">ISSUE</subfield>
    <subfield code="z">Disponible en Sala de Hemeroteca.</subfield>
  </datafield>
  <datafield tag="952" ind1=" " ind2=" ">
    <subfield code="0">0</subfield>
    <subfield code="1">0</subfield>
    <subfield code="2">ddc</subfield>
    <subfield code="4">0</subfield>
    <subfield code="5">6</subfield>
    <subfield code="7">0</subfield>
    <subfield code="8">SE</subfield>
    <subfield code="a">BNPHU</subfield>
    <subfield code="b">BNPHU</subfield>
    <subfield code="d">2026-05-08</subfield>
    <subfield code="h">Volumen 12. (A&#xF1;o 2023)</subfield>
    <subfield code="l">0</subfield>
    <subfield code="p">2026-3666</subfield>
    <subfield code="r">2026-05-08</subfield>
    <subfield code="t">e.2</subfield>
    <subfield code="w">2026-05-08</subfield>
    <subfield code="y">ISSUE</subfield>
    <subfield code="z">Disponible en Sala de Hemeroteca.</subfield>
  </datafield>
  <datafield tag="952" ind1=" " ind2=" ">
    <subfield code="0">0</subfield>
    <subfield code="1">0</subfield>
    <subfield code="2">ddc</subfield>
    <subfield code="4">0</subfield>
    <subfield code="5">6</subfield>
    <subfield code="7">0</subfield>
    <subfield code="8">SE</subfield>
    <subfield code="a">BNPHU</subfield>
    <subfield code="b">BNPHU</subfield>
    <subfield code="d">2026-05-08</subfield>
    <subfield code="h">Volumen 12. (A&#xF1;o 2023)</subfield>
    <subfield code="l">0</subfield>
    <subfield code="p">2026-3667</subfield>
    <subfield code="r">2026-05-08</subfield>
    <subfield code="t">e.3</subfield>
    <subfield code="w">2026-05-08</subfield>
    <subfield code="y">ISSUE</subfield>
    <subfield code="z">Disponible en Sala de Hemeroteca.</subfield>
  </datafield>
  <datafield tag="952" ind1=" " ind2=" ">
    <subfield code="0">0</subfield>
    <subfield code="1">0</subfield>
    <subfield code="2">ddc</subfield>
    <subfield code="4">0</subfield>
    <subfield code="5">6</subfield>
    <subfield code="7">0</subfield>
    <subfield code="8">SE</subfield>
    <subfield code="a">BNPHU</subfield>
    <subfield code="b">BNPHU</subfield>
    <subfield code="d">2026-05-08</subfield>
    <subfield code="h">Volumen 13. (A&#xF1;o 2023)</subfield>
    <subfield code="l">0</subfield>
    <subfield code="p">2026-3668</subfield>
    <subfield code="r">2026-05-08</subfield>
    <subfield code="t">e.1</subfield>
    <subfield code="w">2026-05-08</subfield>
    <subfield code="y">ISSUE</subfield>
    <subfield code="z">Disponible en Sala de Hemeroteca.</subfield>
  </datafield>
  <datafield tag="952" ind1=" " ind2=" ">
    <subfield code="0">0</subfield>
    <subfield code="1">0</subfield>
    <subfield code="2">ddc</subfield>
    <subfield code="4">0</subfield>
    <subfield code="5">6</subfield>
    <subfield code="7">0</subfield>
    <subfield code="8">SE</subfield>
    <subfield code="a">BNPHU</subfield>
    <subfield code="b">BNPHU</subfield>
    <subfield code="d">2026-05-08</subfield>
    <subfield code="h">Volumen 13. (A&#xF1;o 2023)</subfield>
    <subfield code="l">0</subfield>
    <subfield code="p">2026-3669</subfield>
    <subfield code="r">2026-05-08</subfield>
    <subfield code="t">e.2</subfield>
    <subfield code="w">2026-05-08</subfield>
    <subfield code="y">ISSUE</subfield>
    <subfield code="z">Disponible en Sala de Hemeroteca.</subfield>
  </datafield>
  <datafield tag="952" ind1=" " ind2=" ">
    <subfield code="0">0</subfield>
    <subfield code="1">0</subfield>
    <subfield code="2">ddc</subfield>
    <subfield code="4">0</subfield>
    <subfield code="5">6</subfield>
    <subfield code="7">0</subfield>
    <subfield code="8">SE</subfield>
    <subfield code="a">BNPHU</subfield>
    <subfield code="b">BNPHU</subfield>
    <subfield code="d">2026-05-08</subfield>
    <subfield code="h">Volumen 13. (A&#xF1;o 2023)</subfield>
    <subfield code="l">0</subfield>
    <subfield code="p">2026-3670</subfield>
    <subfield code="r">2026-05-08</subfield>
    <subfield code="t">e.3</subfield>
    <subfield code="w">2026-05-08</subfield>
    <subfield code="y">ISSUE</subfield>
    <subfield code="z">Disponible en Sala de Hemeroteca.</subfield>
  </datafield>
  <datafield tag="999" ind1=" " ind2=" ">
    <subfield code="c">60692</subfield>
    <subfield code="d">60692</subfield>
  </datafield>
</record>
